000
00339nam a2200133Ia 4500
008
151001s9999||||xx |||||||||||||| ||und||
100
_a
शा नि ओक
245
_a
भिडस्त माणूस
250
_a
2
260
_b
शेठ हिरजी मोह्नजी
260
_c
1944
300
_a
154
365
_b
7
999
_c
951194
_d
951191